[Event "POR LA PAZ EN EL MUNDO"]
[Site "SchemingMind.com"]
[Date "2015.09.20"]
[Round "-"]
[White "VaynerA"]
[Black "DrozdM"]
[Result "1/2-1/2"]
[WhiteCountry "RUS"]
[BlackCountry "RUS"]
[WhiteElo "2209"]
[WhiteRD "193"]
[BlackElo "2248"]
[BlackRD "150"]
[GameID "387506"]

1. e4 c5 2. Nf3 Nc6 3. Nc3 Nf6 4. d4 cxd4 5. Nxd4 e6 6. Ndb5 d6 7. Be2 Be7 8. O-O a6 9. Nd4 O-O 10. Nxc6 bxc6
11. Qd3 d5 12. Bf4 a5 13. e5 Nd7 14. Qg3 Kh8 15. b3 f6 16. exf6 Rxf6 17. Bg5 Rg6 18. Bxe7 Qxe7 19. Qc7 e5 20. Na4 e4
21. Rad1 h6 22. Rfe1 Qf6 23. Nb6 Nxb6 24. Qxb6 Bh3 25. g3 Qb2 26. c4 Rf6 27. Qd4 Qxa2 28. cxd5 cxd5 29. Qxd5 Raf8 30. Rd2 e3
31. fxe3 Qa3 32. Bd3 Qb4 33. Rdd1 Rf2 34. Qe4 Rg2+ 35. Kh1 Qxe4 36. Bxe4 Rb2 37. Rb1 Rxb1 38. Rxb1 Re8 39. Bd5 Rxe3 40. Kg1 Re5
41. Bc4 Bd7 42. Rd1 Bb5 43. Rd8+ Re8 44. Rxe8+=
1/2-1/2

[Event "POR LA PAZ EN EL MUNDO"]
[Site "SchemingMind.com"]
[Date "2015.09.20"]
[Round "-"]
[White "DrozdM"]
[Black "VaynerA"]
[Result "1/2-1/2"]
[WhiteCountry "RUS"]
[BlackCountry "RUS"]
[WhiteElo "2248"]
[WhiteRD "150"]
[BlackElo "2209"]
[BlackRD "193"]
[GameID "387507"]

1. e4 e5 2. Nf3 Nc6 3. Bc4 Bc5 4. O-O Nf6 5. d3 a6 6. Nc3 O-O 7. h3 h6 8. Nd5 d6 9. c3 Nxd5 10. Bxd5 Qf6
11. b4 Bb6 12. a4 a5 13. b5 Ne7 14. Bb3 Be6 15. Re1 Ng6 16. Bxe6 Qxe6 17. Qc2 Rae8 18. Bd2 f5 19. Qa2 Qxa2 20. Rxa2 Ne7
21. c4 g5 22. exf5 Nxf5 23. c5 Bxc5 24. Bxa5 b6 25. Bc3 Ne7 26. d4 exd4 27. Bxd4 Nd5 28. Rxe8 Rxe8 29. a5 bxa5 30. Rxa5 Kf7
31. Ra1 Bb4 32. Ra7 Kg6 33. g4 Rg8 34. Kh2 h5 35. Kg3 h4+ 36. Kh2 Kh6 37. Be3 Nxe3 38. fxe3 Rc8 39. Ra4 Bc5 40. Re4 Rb8
41. Re6+ Kg7 42. Kg2 Rxb5 43. Nxg5 Bb6=
1/2-1/2

[Event "POR LA PAZ EN EL MUNDO"]
[Site "SchemingMind.com"]
[Date "2015.09.21"]
[Round "-"]
[White "Ramesh Panwar"]
[Black "Andrea Carra"]
[Result "1-0"]
[WhiteCountry "IND"]
[BlackCountry "ITA"]
[WhiteElo "2402"]
[WhiteRD "59"]
[BlackElo "1995"]
[BlackRD "122"]
[GameID "387784"]

1. e4 e6 2. d4 d5 3. Nc3 Nf6 4. Bg5 Be7 5. e5 Nfd7 6. Bxe7 Qxe7 7. Qd2 a6 8. f4 c5 9. Nf3 Nc6 10. dxc5 Qxc5
11. O-O-O b5 12. Kb1 Nb6 13. Bd3 b4 14. Ne2 a5 15. Ng3 Ba6 16. Nh5 Bxd3 17. cxd3 O-O 18. f5 Rfc8 19. Qg5 Qf8 20. fxe6 fxe6
21. Qg4 Nd8 22. Nf6+ Kh8 23. Nxh7 Qf5 24. Qxf5 exf5 25. Nhg5 Ra7 26. Nh4 Nf7 27. Ngf3 Nh6 28. Rhe1 Rac7 29. e6 Re8 30. Re5 Kh7
31. Nxf5 Nxf5 32. Rxf5 Kg6 33. Nd4 Rce7 34. Rc1
1-0

[Event "POR LA PAZ EN EL MUNDO"]
[Site "SchemingMind.com"]
[Date "2015.09.21"]
[Round "-"]
[White "Andrea Carra"]
[Black "Ramesh Panwar"]
[Result "0-1"]
[WhiteCountry "ITA"]
[BlackCountry "IND"]
[WhiteElo "1995"]
[WhiteRD "122"]
[BlackElo "2402"]
[BlackRD "59"]
[GameID "387785"]

1. d4 Nf6 2. Nf3 e6 3. e3 d5 4. Bd3 c5 5. c3 b6 6. Nbd2 Bb7 7. O-O Nc6 8. Ne5 Qc7 9. f4 Bd6 10. Qe2 O-O
11. g4 Nd7 12. g5 Ne7 13. Rf3 Nf5 14. Rh3 g6 15. Qf2 Nxe5 16. Bxf5 exf5 17. fxe5 Be7 18. Nf3 Qd8 19. Qg2 Re8 20. Bd2 Ba6
21. Rg3 Bd3 22. h4 Be4 23. Kf2 h5 24. gxh6 Bxh4 25. h7+ Kh8 26. Qh3 Bxf3 27. Kxf3 Bxg3 28. Qxg3 Re6 29. e4 dxe4+ 30. Kf2 cxd4
31. Bg5 Qd5 32. Rd1 d3 33. Bf6+ Rxf6 34. exf6 Re8 35. Qf4 e3+ 36. Kg3 e2
0-1

[Event "POR LA PAZ EN EL MUNDO"]
[Site "SchemingMind.com"]
[Date "2015.09.24"]
[Round "-"]
[White "maro"]
[Black "ray winteringham"]
[Result "1-0"]
[WhiteCountry "MEX"]
[BlackCountry "ENG"]
[WhiteElo "1385"]
[WhiteRD "56"]
[BlackElo "1464"]
[BlackRD "51"]
[GameID "387916"]

1. c4 b5 2. cxb5 d5 3. d4 c6 4. bxc6 Nxc6 5. Nf3 Nf6 6. e3 e6 7. Bb5 Bd6 8. Bxc6+ Bd7 9. Bxa8 Qxa8 10. O-O O-O
11. Nc3 h6 12. Qd3 Qc8 13. a4 Qb8 14. Nb5 Be7 15. Ne5 Bxb5 16. axb5 Bd6 17. Ra6 Ne4 18. Nd7 Bxh2+ 19. Kh1 Qc7 20. Nxf8 Kxf8
21. b6 axb6 22. Ra8+ Ke7 23. Qa3+ Kf6 24. Ra7 Nxf2+ 25. Rxf2+
1-0

[Event "POR LA PAZ EN EL MUNDO"]
[Site "SchemingMind.com"]
[Date "2015.09.24"]
[Round "-"]
[White "ray winteringham"]
[Black "maro"]
[Result "1-0"]
[WhiteCountry "ENG"]
[BlackCountry "MEX"]
[WhiteElo "1484"]
[WhiteRD "52"]
[BlackElo "1385"]
[BlackRD "57"]
[GameID "387917"]

1. e4 e5 2. Nf3 Nc6 3. Bb5 Nge7 4. O-O a6 5. Ba4 d6 6. h3 Bd7 7. d3 Ng6 8. Bd2 Be7 9. Nc3 O-O 10. Ne2 Qe8
11. c4 a5 12. Bc2 Be6 13. a3 Qd7 14. b4 axb4 15. axb4 Rxa1 16. Qxa1 Nb8 17. b5 b6 18. Be3 c6 19. Ba4 c5 20. Qd1 Qa7
21. Qc2 Nd7 22. Ra1 Ra8 23. Nc3 Qb8 24. Bg5 Bxg5 25. Nxg5 Qd8 26. Nxe6 fxe6 27. g3 Nf6 28. Qc1 d5 29. Bb3 d4 30. Na4 Qc7
31. Qd1 Nd7 32. Qg4 Nf6 33. Qxe6+ Kh8 34. Rf1 Re8 35. Qxb6 Qxb6 36. Nxb6 Ne7 37. Na4 Nc8 38. Nxc5 Nb6 39. Na4
1-0

[Event "POR LA PAZ EN EL MUNDO"]
[Site "SchemingMind.com"]
[Date "2015.09.29"]
[Round "-"]
[White "James Reed"]
[Black "echecs"]
[Result "0-1"]
[WhiteCountry "ENG"]
[BlackCountry "ENG"]
[WhiteElo "1396"]
[WhiteRD "71"]
[BlackElo "1821"]
[BlackRD "79"]
[GameID "387927"]

1. e4 e5 2. Nf3 Nc6 3. Bb5 a6 4. Ba4 b5 5. Bb3 d6 6. h3 Nf6 7. d3 Na5 8. Bd2 Nxb3 9. axb3 Be7 10. O-O Nd7
11. Nc3 c6 12. Re1 Nc5 13. Be3 Ne6 14. b4 O-O 15. b3 Bg5 16. Bxg5 Nxg5 17. Ne2 Nxf3+ 18. gxf3 Bxh3 19. Ng3 Qg5 20. Kh2 Qh6
21. Qe2 Be6+ 22. Kg1 f5 23. Red1 f4 24. Nf5 Bxf5 25. exf5 Rxf5 26. Qf1 Qg6+ 27. Qg2 Rg5
0-1

[Event "POR LA PAZ EN EL MUNDO"]
[Site "SchemingMind.com"]
[Date "2015.09.29"]
[Round "-"]
[White "echecs"]
[Black "James Reed"]
[Result "1-0"]
[WhiteCountry "ENG"]
[BlackCountry "ENG"]
[WhiteElo "1821"]
[WhiteRD "79"]
[BlackElo "1396"]
[BlackRD "71"]
[GameID "387928"]

1. e4 c5 2. Nf3 d6 3. c3 Bg4 4. d4 Nc6 5. Be2 h6 6. d5 Ne5 7. Bf4 Nf6 8. Nxe5 dxe5 9. Bxe5 Bxe2 10. Qxe2 Qd7
11. Na3 Qg4 12. Qxg4 Nxg4 13. Bf4 e6 14. f3 Nf6 15. Nb5 Kd8 16. dxe6 fxe6 17. O-O-O+ Nd7 18. Nc7 Kc8 19. Nxa8 e5 20. Bg3 Nf6
21. Bxe5 Be7 22. Nc7
1-0

[Event "POR LA PAZ EN EL MUNDO"]
[Site "SchemingMind.com"]
[Date "2015.09.26"]
[Round "-"]
[White "clare1347"]
[Black "Hagel"]
[Result "1/2-1/2"]
[WhiteCountry "ENG"]
[BlackCountry "POL"]
[WhiteElo "2246"]
[WhiteRD "83"]
[BlackElo "1795"]
[BlackRD "98"]
[GameID "387941"]

1. d4 Nf6 2. c4 g6 3. g3 d6 4. Nf3 Bg7 5. Bg2 O-O 6. O-O Nc6 7. Nc3 e5 8. dxe5 Nxe5 9. Nxe5 dxe5 10. Bg5 Qxd1
11. Rfxd1 c6 12. Rac1 Be6 13. b3 h6 14. Bxf6 Bxf6 15. Ne4 Be7 16. Nd6 Bxd6 17. Rxd6 Rfd8 18. Rcd1 Rxd6 19. Rxd6 Kf8 20. f4 exf4
21. gxf4 Ke7 22. c5 Rd8 23. Rxd8 Kxd8 24. Kf2 Ke7 25. h4=
1/2-1/2

[Event "POR LA PAZ EN EL MUNDO"]
[Site "SchemingMind.com"]
[Date "2015.09.27"]
[Round "-"]
[White "Hagel"]
[Black "clare1347"]
[Result "0-1"]
[WhiteCountry "POL"]
[BlackCountry "ENG"]
[WhiteElo "1795"]
[WhiteRD "98"]
[BlackElo "2246"]
[BlackRD "83"]
[GameID "387942"]

1. e4 d5 2. e5 c5 3. f4 Nc6 4. Nf3 Bg4 5. c3 e6 6. Be2 Nge7 7. d3 Nf5 8. O-O d4 9. c4 Be7 10. Kh1 O-O
11. Nxd4 Bxe2 12. Nxe2 Qb6 13. a3 Rad8 14. Nbc3= Na5 15. Rb1 Nb3 16. Na4 Qc6 17. Qxb3 f6 18. Qc2 fxe5 19. fxe5 Nd4 20. Nxd4 Rxf1#
0-1

[Event "POR LA PAZ EN EL MUNDO"]
[Site "SchemingMind.com"]
[Date "2015.10.02"]
[Round "-"]
[White "Scooter"]
[Black "NovikovE"]
[Result "0-1"]
[WhiteCountry "USA"]
[BlackCountry "RUS"]
[WhiteElo "1707"]
[WhiteRD "48"]
[BlackElo "2145"]
[BlackRD "101"]
[GameID "388039"]

1. d4 Nf6 2. Nf3 e6 3. Bg5 h6 4. Bxf6 Qxf6 5. e3 c5 6. c3 a6 7. Be2 Nc6 8. O-O d5 9. Nbd2 Be7 10. Qc2 O-O
11. e4 cxd4 12. cxd4 Nxd4 13. Nxd4 Qxd4 14. exd5 exd5 15. Rad1 Bf6 16. Nf3 Qxb2 17. Qxb2 Bxb2 18. Rxd5 Be6 19. Rd2 Bc3 20. Rc2 Rac8
21. Rfc1 Bb2 22. Rxc8 Rxc8 23. Rb1 Ba3 24. Rxb7 Rc1+ 25. Bf1 Bc4 26. Nd2 Bb5 27. Rb8+ Kh7 28. g3 Rd1
0-1

[Event "POR LA PAZ EN EL MUNDO"]
[Site "SchemingMind.com"]
[Date "2015.10.02"]
[Round "-"]
[White "NovikovE"]
[Black "Scooter"]
[Result "1-0"]
[WhiteCountry "RUS"]
[BlackCountry "USA"]
[WhiteElo "2145"]
[WhiteRD "101"]
[BlackElo "1707"]
[BlackRD "48"]
[GameID "388040"]

1. e4 c6 2. Nf3 d5 3. Nc3 dxe4 4. Nxe4 Bf5 5. Ng3 Bg6 6. h4 h6 7. Ne5 Nd7 8. Nxg6 fxg6 9. Qg4 Ne5 10. Qe4 Qd5
11. d4 Qxe4+ 12. Nxe4 Nd7 13. Rh3 Ngf6 14. Bd3 O-O-O 15. Nxf6 exf6 16. Bxg6 Bd6 17. h5 Nf8 18. Bf5+ Kc7 19. c4 Re8+ 20. Kf1 Nd7
21. c5 Bf8 22. Bf4+ Kd8 23. Ra3 a6 24. Rb3 Kc8 25. d5 cxd5 26. c6
1-0

[Event "POR LA PAZ EN EL MUNDO"]
[Site "SchemingMind.com"]
[Date "2015.10.04"]
[Round "-"]
[White "woodpr"]
[Black "Apatchenlama"]
[Result "0-1"]
[WhiteCountry "ENG"]
[BlackCountry "GER"]
[WhiteElo "1471"]
[WhiteRD "103"]
[BlackElo "1892"]
[BlackRD "106"]
[GameID "388141"]

1. e4 e6 2. Nf3 d5 3. d3 c5 4. d4 dxe4 5. Ne5 a6 6. Be3 Bd6 7. Nc4 Bc7 8. c3 b5 9. Ncd2 cxd4 10. Bxd4 e5
11. Bc5 Nf6 12. h3 Nbd7 13. Be3 O-O 14. Qc2 Bb7 15. Be2 Qe7 16. b4 Bb6 17. Bxb6 Nxb6 18. O-O Rac8 19. a3 Bd5 20. Re1 Qb7
21. Nf1 Bc4 22. Ne3 Bxe2 23. Qxe2 Rfd8 24. Ra2 Rd3 25. Rc2 Qd7 26. Rd2 Rxd2 27. Nxd2 Rxc3 28. Nb1 Rd3 29. f3 exf3 30. Qxf3 e4
31. Qg3 Qd6 32. Qf2 Qd4 33. Qf4 h6 34. Kh1 Nc4 35. Nf5 Qe5 36. Qf2 Nxa3 37. Nd2 Nc2 38. Rc1 e3 39. Nf3 exf2 40. Nxe5 Ne1
41. Rc8+ Kh7 42. Nh4 f1=Q+ 43. Kh2 Qf4+ 44. g3 Qf2+
0-1

[Event "POR LA PAZ EN EL MUNDO"]
[Site "SchemingMind.com"]
[Date "2015.10.05"]
[Round "-"]
[White "Apatchenlama"]
[Black "woodpr"]
[Result "1-0"]
[WhiteCountry "GER"]
[BlackCountry "ENG"]
[WhiteElo "1917"]
[WhiteRD "85"]
[BlackElo "1420"]
[BlackRD "100"]
[GameID "388142"]

1. d4 Nf6 2. c4 g6 3. Nf3 d6 4. Nc3 Bg7 5. Bf4 O-O 6. e3 Na6 7. Be2 Bd7 8. O-O c5 9. d5 Qb6 10. Rb1 Rfe8
11. h3 Bf5 12. Bd3 e6 13. e4 e5 14. Be3 Bd7 15. a3 Qd8 16. Bg5 h6 17. Bh4 g5 18. Bg3 Nh5 19. Bc2 Nxg3 20. fxg3 Qc8
21. Ba4 Re7 22. Bxd7 Qxd7 23. g4 Nc7 24. Qe2 a6 25. Ne1 f6 26. Nc2 b5 27. b3 Rb8 28. Ne3 b4 29. axb4 cxb4 30. Na4 a5
31. Nf5 Rf7 32. Rfc1 Na6 33. Qf2 Kh7 34. Rb2 Bf8 35. Ng3 Nc5 36. Nxc5 dxc5 37. Ra2 Ra8 38. Rca1 Qd8 39. Qe3 Rfa7 40. Ra4 Bd6
41. Kf2 Qd7 42. Ke2 Be7 43. Kd3 Qd8 44. Rh1 Kg6 45. Nf5 Bf8 46. Qf2 Rh7 47. Ne3 Kg7 48. h4 h5 49. Raa1 Be7 50. Kc2 Qd7
51. Nf5+ Kf7 52. gxh5 Rxh5 53. g4 Rhh8 54. hxg5 Rxh1 55. Rxh1 a4 56. Nxe7 axb3+ 57. Kd3 Qxe7 58. Rh7+
1-0

[Event "POR LA PAZ EN EL MUNDO"]
[Site "SchemingMind.com"]
[Date "2015.10.07"]
[Round "-"]
[White "Clive Everill"]
[Black "MazetaFighter"]
[Result "0-1"]
[WhiteCountry "CZE"]
[BlackCountry "GRE"]
[WhiteElo "1681"]
[WhiteRD "58"]
[BlackElo "2062"]
[BlackRD "83"]
[GameID "388223"]

1. e4 e5 2. Nc3 Nf6 3. g3 Bc5 4. Bg2 d6 5. Nge2 Nc6 6. h3 Be6 7. O-O Qd7 8. Kh2 O-O-O 9. d3 h6 10. f4 Bg4
11. f5 Bxe2 12. Qxe2 Nd4 13. Qd1 h5 14. Bg5 a6 15. Nd5 Nxd5 16. exd5 f6 17. Bh4 Nxf5 18. Qe2 g5 19. Be4 Ng7 20. Bxg5 fxg5
21. Rf6 Rdf8 22. Raf1 Qe7 23. Rxf8+ Rxf8 24. Rxf8+ Qxf8 25. Bf3 h4 26. gxh4 Qf4+ 27. Kh1 gxh4 28. Bg4+ Kb8 29. Qe1 Qf2 30. Qd1 Be3
31. Qf3 Qxf3+ 32. Bxf3 Nf5 33. Kg2 Bf4 34. Be4 Ne3+ 35. Kf3 Nxc2 36. Kg4 Bg3 37. a3 Ka7 38. Kf5 Kb6 39. Ke6 Nd4+ 40. Kd7 Ne2
41. b4 Nf4
0-1

[Event "POR LA PAZ EN EL MUNDO"]
[Site "SchemingMind.com"]
[Date "2015.10.06"]
[Round "-"]
[White "MazetaFighter"]
[Black "Clive Everill"]
[Result "1-0"]
[WhiteCountry "GRE"]
[BlackCountry "CZE"]
[WhiteElo "2029"]
[WhiteRD "83"]
[BlackElo "1692"]
[BlackRD "58"]
[GameID "388224"]

1. e4 e6 2. d4 d5 3. Nc3 Bb4 4. e5 Ne7 5. a3 Bxc3+ 6. bxc3 c5 7. a4 Nbc6 8. Nf3 Qa5 9. Bd2 Bd7 10. Bb5 Qc7
11. O-O Na5 12. Bd3 Nc4 13. Bc1 cxd4 14. cxd4 f5 15. exf6 gxf6 16. Re1 O-O-O 17. Rb1 Bxa4 18. Rxe6 Rdf8 19. Qe2 Re8 20. Rxf6 Ng6
21. Qf1 Re7 22. Bg5 Ree8 23. Ra1 b5 24. Re1 Rxe1 25. Qxe1 Nd6 26. Qe6+ Kb7 27. Qxd6 Qxd6 28. Rxd6 Re8 29. h4 a6 30. Rd7+ Kc6
31. Rxh7 Nf8 32. Rh6+ Kb7 33. Ne5 Rc8 34. Be7 Bxc2 35. Bxc2
1-0

[Event "POR LA PAZ EN EL MUNDO"]
[Site "SchemingMind.com"]
[Date "2015.10.08"]
[Round "-"]
[White "The Capitalist"]
[Black "LaykovD"]
[Result "0-1"]
[WhiteCountry "USA"]
[BlackCountry "RUS"]
[WhiteElo "1448"]
[WhiteRD "94"]
[BlackElo "2163"]
[BlackRD "209"]
[GameID "388318"]

1. e4 e5 2. Nf3 Nf6 3. Nxe5 d6 4. Nf3 Nxe4 5. d4 d5 6. Bd3 Nc6 7. O-O Be7 8. c4 Nb4 9. cxd5 Nxd3 10. Qxd3 Qxd5
11. Re1 Bf5 12. Qe2 O-O-O 13. Nc3 Nxc3 14. bxc3 Rhe8 15. Qxe7 Rxe7 16. Rxe7 Bd7 17. Re5 Qd6 18. Bf4 f6 19. Rae1 fxe5 20. dxe5 Qd3
21. e6 Bc6 22. e7 Re8 23. Ne5 Qxc3 24. Kf1 Bb5+
0-1

[Event "POR LA PAZ EN EL MUNDO"]
[Site "SchemingMind.com"]
[Date "2015.10.08"]
[Round "-"]
[White "LaykovD"]
[Black "The Capitalist"]
[Result "1-0"]
[WhiteCountry "RUS"]
[BlackCountry "USA"]
[WhiteElo "2163"]
[WhiteRD "209"]
[BlackElo "1448"]
[BlackRD "94"]
[GameID "388319"]

1. c4 Nf6 2. Nf3 e6 3. Nc3 c5 4. g3 b6 5. Bg2 Bb7 6. O-O Be7 7. d4 cxd4 8. Nxd4 Bxg2 9. Kxg2 Nc6 10. Nxc6 dxc6
11. Bf4 Nh5 12. Be5 Qxd1 13. Raxd1 O-O 14. Rd7 Rfe8 15. Rfd1 f6 16. Bd6 Bxd6 17. R1xd6 c5 18. Nb5 Rec8 19. Nc7 Rab8 20. Nxe6 Re8
21. e4 g5 22. Kf3 b5 23. Kg4
1-0

[Event "POR LA PAZ EN EL MUNDO"]
[Site "SchemingMind.com"]
[Date "2015.10.05"]
[Round "-"]
[White "private napoleon"]
[Black "Pol MacGilla tSamhais"]
[Result "1-0"]
[WhiteCountry "ENG"]
[BlackCountry "IRL"]
[WhiteElo "1670"]
[WhiteRD "71"]
[BlackElo "1267"]
[BlackRD "95"]
[GameID "388353"]

1. d4 Nf6 2. Nf3 e6 3. e3 c5 4. b3 d5 5. Bb2 Nc6 6. Be2 Be7 7. Nbd2 O-O 8. O-O a6 9. Ne5 Bd6 10. f4 b5
11. Nxc6 Qc7 12. Ne5 Qe7 13. Bd3 Qc7 14. g4 c4 15. g5 Nd7 16. Bxh7+ Kxh7 17. Qh5+ Kg8 18. Rf3 Nxe5 19. fxe5 Bb4 20. Rh3
1-0

[Event "POR LA PAZ EN EL MUNDO"]
[Site "SchemingMind.com"]
[Date "2015.10.05"]
[Round "-"]
[White "Pol MacGilla tSamhais"]
[Black "private napoleon"]
[Result "0-1"]
[WhiteCountry "IRL"]
[BlackCountry "ENG"]
[WhiteElo "1294"]
[WhiteRD "94"]
[BlackElo "1665"]
[BlackRD "74"]
[GameID "388354"]

1. e4 c5 2. Nf3 d6 3. d4 cxd4 4. Nxd4 Nf6 5. Nc3 a6 6. Be3 e5 7. Nb3 Be7 8. Be2 Be6 9. O-O O-O 10. Nd2 b5
11. f3 Nbd7 12. Nb3 Nc5 13. Bxc5 dxc5 14. Qxd8 Rfxd8 15. Rad1 g6 16. Na5 Rxd1 17. Rxd1 Rc8 18. a3 Bd8 19. Nb7 Bb6 20. b4 cxb4+
21. Kf1 bxc3 22. Nd6 Rd8 23. Nb7 Rxd1+ 24. Bxd1 Nd7 25. Nd6 Bc5 26. Nc8 Bxa3
0-1

[Event "POR LA PAZ EN EL MUNDO"]
[Site "SchemingMind.com"]
[Date "2015.10.10"]
[Round "-"]
[White "DemidovL"]
[Black "Brian Pott"]
[Result "1/2-1/2"]
[WhiteCountry "RUS"]
[BlackCountry "AUS"]
[WhiteElo "2208"]
[WhiteRD "127"]
[BlackElo "2234"]
[BlackRD "82"]
[GameID "388389"]

1. e4 c5 2. Nf3 d6 3. Bc4 Nf6 4. Nc3 Nc6 5. O-O g6 6. h3 Bg7 7. d3 O-O 8. Bg5 a6 9. a4 b6 10. Qd2 Bb7
11. Rfe1 Re8 12. Qf4 Nd4 13. Nxd4 cxd4 14. Ne2 Rc8 15. Bb3 e5 16. Qh4 d5 17. exd5 h6 18. Bxh6 Bxd5 19. Rac1 Bxb3 20. cxb3 Rxc1
21. Nxc1 Qd5 22. Bg5 Qd6 23. Qg3 Nd7 24. f4 Nf8 25. Rf1 e4 26. dxe4 Rxe4 27. Rd1 Ne6 28. Qf3 Nxg5 29. fxg5 Qe6 30. Rf1 Bf8
31. Qf6 Be7 32. Qxe6 Rxe6 33. b4 Bxb4 34. Nd3 Bd2 35. h4 Re4 36. Rf6 b5 37. Rxa6 bxa4 38. Rxa4 Rxh4 39. b4 Re4 40. b5 Re8
41. Ra3 Rb8 42. Rb3 Bxg5 43. b6 Be7 44. Ne5 d3 45. Kf1 d2 46. Ke2 Re8 47. Kd1 Bd6 48. Nd3 Kf8 49. b7 Rb8 50. Kxd2 Ke7
51. Kc3 Kd7 52. Kd4 Kc7 53. Kd5 Be7 54. Ne5 Rxb7=
1/2-1/2

[Event "POR LA PAZ EN EL MUNDO"]
[Site "SchemingMind.com"]
[Date "2015.10.10"]
[Round "-"]
[White "Brian Pott"]
[Black "DemidovL"]
[Result "1/2-1/2"]
[WhiteCountry "AUS"]
[BlackCountry "RUS"]
[WhiteElo "2234"]
[WhiteRD "82"]
[BlackElo "2208"]
[BlackRD "127"]
[GameID "388390"]

1. e4 e5 2. Nf3 Nf6 3. Nc3 Nc6 4. Bb5 Bb4 5. O-O O-O 6. d3 d6 7. Bg5 Bxc3 8. bxc3 h6 9. Bh4 Bd7 10. Rb1 a6
11. Ba4 b5 12. Bb3 Na5 13. Re1 Re8 14. Qd2 Nxb3 15. cxb3 Bg4 16. Qe3 Bh5 17. h3 Qe7 18. Ra1 c5 19. Nd2 g5 20. Bg3 Bg6
21. Bh2 Qd7 22. a3 Kg7 23. a4 Qc6 24. Red1 Rab8 25. f3 Nh5 26. axb5 axb5 27. d4 Nf4 28. dxe5 dxe5 29. c4 Red8 30. cxb5 Qxb5
31. Nc4 Rxd1+ 32. Rxd1 f6 33. Bxf4 gxf4 34. Qf2 Qxb3 35. Rd7+ Bf7 36. Qxc5 Qb1+ 37. Kh2 Qe1 38. Nd2 Qg3+ 39. Kg1 Qe1+ 40. Kh2 Qg3+
41. Kg1 Qe1+ 42. Kh2 Qg3+ 43. Kg1 Qe1+ 44. Kh2=
1/2-1/2

[Event "POR LA PAZ EN EL MUNDO"]
[Site "SchemingMind.com"]
[Date "2015.10.06"]
[Round "-"]
[White "kenneth m day"]
[Black "chesshub"]
[Result "0-1"]
[WhiteCountry "USA"]
[BlackCountry "FRA"]
[WhiteElo "1713"]
[WhiteRD "53"]
[BlackElo "2538"]
[BlackRD "80"]
[GameID "388398"]

1. e4 c5 2. d4 cxd4 3. c3 dxc3 4. Nxc3 e6 5. Nf3 Nc6 6. Bc4 d6 7. O-O Nf6 8. Qe2 Be7 9. Bf4 e5 10. Be3 O-O
11. Rfd1 Be6 12. Rac1 Rc8 13. Nd5 Nxe4 14. Bxa7 Nf6 15. Bb6 Qd7 16. Be3 Nxd5 17. Bxd5 Nd4 18. Nxd4 Rxc1 19. Rxc1 exd4 20. Bxe6 Qxe6
21. Qb5 dxe3 22. Qxb7 exf2+ 23. Kxf2 d5 24. Rd1 Bc5+ 25. Kf1 Re8
0-1

[Event "POR LA PAZ EN EL MUNDO"]
[Site "SchemingMind.com"]
[Date "2015.10.05"]
[Round "-"]
[White "chesshub"]
[Black "kenneth m day"]
[Result "1-0"]
[WhiteCountry "FRA"]
[BlackCountry "USA"]
[WhiteElo "2539"]
[WhiteRD "78"]
[BlackElo "1678"]
[BlackRD "53"]
[GameID "388399"]

1. d4 d5 2. c4 Nc6 3. Nc3 Nf6 4. Nf3 Bg4 5. cxd5 Nxd5 6. e4 Nf6 7. d5 Ne5 8. Nxe5 Bxd1 9. Bb5+ c6 10. dxc6 bxc6
11. Bxc6+ Nd7 12. Bxd7+ Qxd7 13. Nxd7 Kxd7 14. Kxd1 e5 15. Ke2 Bc5 16. Rd1+ Ke6 17. f4 Rhe8 18. f5+ Ke7 19. Nd5+ Kd6 20. Nb6+ Kc6
21. Nxa8
1-0

[Event "POR LA PAZ EN EL MUNDO"]
[Site "SchemingMind.com"]
[Date "2015.10.10"]
[Round "-"]
[White "KrugM"]
[Black "Kid A"]
[Result "1-0"]
[WhiteCountry "RUS"]
[BlackCountry "FIN"]
[WhiteElo "2036"]
[WhiteRD "195"]
[BlackElo "1821"]
[BlackRD "80"]
[GameID "388423"]

1. e4 e5 2. Nf3 Nc6 3. Nc3 Nf6 4. Bb5 Bc5 5. O-O O-O 6. Nxe5 Nd4 7. Bc4 d6 8. Nf3 Bg4 9. Be2 Nxe2+ 10. Qxe2 Re8
11. d3 h6 12. h3 Bh5 13. Be3 Bb6 14. Bxb6 axb6 15. Rfe1 Qd7 16. a4 Ra5 17. Qe3 d5 18. b4 Raa8 19. e5 Nh7 20. Nb5 Bxf3
21. Qxf3 Ng5 22. Qg3 Re6 23. f4 Nh7 24. f5 Ree8 25. e6 fxe6 26. fxe6 Rxe6 27. Rxe6 Qxe6 28. Nxc7 Qf6 29. Rf1 Qd4+ 30. Kh2 Rc8
31. c3 Qxc3 32. Nxd5
1-0

[Event "POR LA PAZ EN EL MUNDO"]
[Site "SchemingMind.com"]
[Date "2015.10.10"]
[Round "-"]
[White "Kid A"]
[Black "KrugM"]
[Result "0-1"]
[WhiteCountry "FIN"]
[BlackCountry "RUS"]
[WhiteElo "1843"]
[WhiteRD "73"]
[BlackElo "2010"]
[BlackRD "241"]
[GameID "388424"]

1. e4 e5 2. Nf3 Nf6 3. Nxe5 d6 4. Nxf7 Kxf7 5. d4 Be7 6. Bc4+ d5 7. exd5 Bb4+ 8. c3 Re8+ 9. Be3 Bd6 10. O-O Ng4
11. g3 Kg8 12. Bd2 Bf5 13. Be2 Nxh2 14. Kxh2 Qh4+ 15. Kg1 Bxg3 16. fxg3 Qxg3+ 17. Kh1 Bc2 18. Qe1 Be4+
0-1

[Event "POR LA PAZ EN EL MUNDO"]
[Site "SchemingMind.com"]
[Date "2015.10.06"]
[Round "-"]
[White "Timaeus"]
[Black "David Perna-Fraser"]
[Result "0-1"]
[WhiteCountry "JPN"]
[BlackCountry "CAN"]
[WhiteElo "1399"]
[WhiteRD "77"]
[BlackElo "2331"]
[BlackRD "62"]
[GameID "388433"]

1. d4 Nf6 2. e3 e6 3. Bd2 c5 4. dxc5 Bxc5 5. Bd3 O-O 6. Nf3 d5 7. O-O Nc6 8. Bb5 Ne4 9. Bxc6 bxc6 10. Nc3 Ba6
11. Re1 f5 12. Nxe4 fxe4 13. Nd4 Qf6 14. f3 Bxd4 15. exd4 exf3 16. Rf1 Bxf1 17. Qxf1 Qxd4+ 18. Kh1 fxg2+ 19. Qxg2 Rf2 20. Qg5 Rxd2
21. c3 Qe4+ 22. Kg1 Qe2 23. b4 Qxh2+
0-1

[Event "POR LA PAZ EN EL MUNDO"]
[Site "SchemingMind.com"]
[Date "2015.10.06"]
[Round "-"]
[White "David Perna-Fraser"]
[Black "Timaeus"]
[Result "1-0"]
[WhiteCountry "CAN"]
[BlackCountry "JPN"]
[WhiteElo "2331"]
[WhiteRD "62"]
[BlackElo "1399"]
[BlackRD "77"]
[GameID "388434"]

1. e4 d5 2. exd5 c6 3. dxc6 Nxc6 4. Nf3 e5 5. Bb5 Bd7 6. Qe2 f6 7. d4 Bd6 8. O-O Nge7 9. dxe5 Nxe5 10. Nxe5 Bxb5
11. Qxb5+ Nc6 12. Nxc6 Qd7 13. Nd4 Rd8 14. Re1+ Be5 15. Qxd7+ Rxd7 16. f4 Re7 17. fxe5
1-0

[Event "POR LA PAZ EN EL MUNDO"]
[Site "SchemingMind.com"]
[Date "2015.11.08"]
[Round "-"]
[White "echecs"]
[Black "frankly"]
[Result "0-1"]
[WhiteCountry "ENG"]
[BlackCountry "ENG"]
[WhiteElo "1855"]
[WhiteRD "74"]
[BlackElo "2453"]
[BlackRD "56"]
[GameID "389931"]

1. e4 c5 2. Nf3 Nc6 3. c3 Nf6 4. e5 Nd5 5. d4 cxd4 6. cxd4 d6 7. Bc4 Nb6 8. Bb5 dxe5 9. Nxe5 Bd7 10. Nxd7 Qxd7
11. O-O e6 12. Be3 Be7 13. Nc3 O-O 14. Qg4 f5 15. Qf3 f4 16. Bc1 Nxd4 17. Qe4 Nxb5 18. Nxb5 Qxb5 19. Qxe6+ Rf7 20. Bxf4 Qc4
21. Qxc4 Nxc4 22. Bc1 Rd8 23. b3 Nd2 24. Rd1 Nf3+
0-1

[Event "POR LA PAZ EN EL MUNDO"]
[Site "SchemingMind.com"]
[Date "2015.11.08"]
[Round "-"]
[White "frankly"]
[Black "echecs"]
[Result "1-0"]
[WhiteCountry "ENG"]
[BlackCountry "ENG"]
[WhiteElo "2453"]
[WhiteRD "56"]
[BlackElo "1855"]
[BlackRD "74"]
[GameID "389932"]

1. d4 d5 2. Nf3 Nf6 3. c4 c6 4. Nc3 e6 5. Bg5 dxc4 6. e4 b5 7. e5 h6 8. Bh4 g5 9. Nxg5 hxg5 10. Bxg5 Nbd7
11. exf6 Bb7 12. h4 Qb6 13. Qc2 O-O-O 14. O-O-O Bh6 15. f4 Kb8 16. Be2 a5 17. Bh5 Bxg5 18. hxg5 c5 19. d5 exd5 20. Nxd5 Qd6
21. Qf5 Qc6 22. Bxf7 Rxh1 23. Rxh1 b4 24. g6 Nxf6 25. Qxf6 Qd7 26. g7 Bxd5 27. Rh8 Bxf7 28. Rxd8+
1-0